000 00723nam a2200289Ia 4500
005 20260324125533.0
008 008 260324s9999 xx 000 0 eng d
020 _a9781315631417
037 _aEBOOK
040 _aCRL
040 _beng
040 _cCRL
041 _2eng
041 _aeng
084 _qCRL
100 _aDean Birkenkamp; Wanda Rhudy; Howard Zinn; Wanda Rhudy; Dean Birkenkamp
_91178346
245 0 _aUncommon Sense
245 0 _bFrom the Writings of Howard Zinn
260 _bTaylor and Francis
260 _c2009
365 _a
365 _b170
856 _uhttp://www.taylorfrancis.com/books/9781315631417
942 _cEBOOK
999 _c1773723
_d1773723